Statistiques concernant Nommez cette Célébrité #4

Cliquez ici pour prendre le quiz!

Statistiques générales

  • Ce quiz a été pris 3 888 fois
  • Le résultat moyen est 11 sur 16

Statistiques - réponses

Réponse% Correct
Lionel Messi
97%
Joe Biden
93%
Leonardo Dicaprio
93%
Will Smith
91%
Drake
88%
Tom Cruise
73%
Britney Spears
72%
Jennifer Aniston
70%
Miley Cyrus
69%
Michael Jordan
67%
Greta Thunberg
64%
Madonna
62%
Justin Timberlake
57%
Charli D'Amelio
56%
Demi Lovato
49%
Oprah Winfrey
39%

Distribution des résultats

Percentile par nombre de réponses

% des personnes avec chaque résultat

Votre développement - résultats

Vous n’avez pas pris ce quiz